Faculty of Law Library — Cairo University

Official Online Catalog

الدفوع في نطاق القانون العام : (Record no. 59081)

MARC details
000 -LEADER
fixed length control field 02050nam a2200337 i 4500
003 - CONTROL NUMBER IDENTIFIER
control field EG-GICUC
005 - DATE AND TIME OF LATEST TRANSACTION
control field 20260124205454.0
008 - FIXED-LENGTH DATA ELEMENTS--GENERAL INFORMATION
fixed length control field 260124s2002 ua ||||fr|||| 00| 0 ara d
017 ## - COPYRIGHT OR LEGAL DEPOSIT NUMBER
Copyright or legal deposit number ٢٠٠٢/١٨٨٨٣
040 ## - CATALOGING SOURCE
Original cataloging agency EG-GICUC
Language of cataloging ara
Transcribing agency EG-GICUC
Modifying agency EG-GICUC
Description conventions rda
041 0# - LANGUAGE CODE
Language code of text/sound track or separate title ara
082 04 - DEWEY DECIMAL CLASSIFICATION NUMBER
Edition number 21
Classification number 3345.8
Item number م ح . د
092 04 - LOCALLY ASSIGNED DEWEY CALL NUMBER (OCLC)
Edition number 21
099 ## - LOCAL FREE-TEXT CALL NUMBER (OCLC)
Classification number Law1 07 3345.8 م ح . د 2000
100 0# - MAIN ENTRY--PERSONAL NAME
Personal name محمد ماهر أبو العينين
Relator term مؤلف.
245 12 - TITLE STATEMENT
Title الدفوع في نطاق القانون العام :
Remainder of title الدفوع أمام القاضي الإداري والتأديبي.
Number of part/section of a work الكتاب الثاني،
Name of part/section of a work الدفوع العامة والدفوع أمام القضاء المتخصص في مجلس الدولة وفقاً لاحكام المحكمة الإدارية العليا حتى عام ٢٠٠٢ /
Statement of responsibility, etc. المستشار الدكتور محمد ماهر أبو العينين.
264 #3 - PRODUCTION, PUBLICATION, DISTRIBUTION, MANUFACTURE, AND COPYRIGHT NOTICE
Place of production, publication, distribution, manufacture القاهرة :
Name of producer, publisher, distributor, manufacturer دار أبو المجد،
Date of production, publication, distribution, manufacture, or copyright notice 2002.
300 ## - PHYSICAL DESCRIPTION
Extent 1139 صفحة؛
Dimensions 24 سم.
Other physical details إيضاحيات، صور، مثيليات ؛
336 ## - CONTENT TYPE
Source rda content
Content type term text
337 ## - MEDIA TYPE
Source rda media
Media type term Computer
338 ## - CARRIER TYPE
Source rda carrier
Carrier type term Online Resource
504 ## - BIBLIOGRAPHY, ETC. NOTE
Bibliography, etc. note . 240-220 ببليوجرافيا: صفحات.
505 ## - FORMATTED CONTENTS NOTE
Formatted contents note المكتبة . كلية الحقوق<br/>الدفع بعدم الاختصاص والإحالة<br/>الدفع بالتقادم المسقط<br/>الدفع بعدم جواز نظر الدعوى لسبق الفصل فيها - الدفع بعدم الدستورية<br/>الدفوع أمام القضاء المستعجل بمجلس الدولة<br/>الدفوع أمام القضاء التأديبي<br/>الدفوع أمام قاضي التنفيذ وقاضي الأمور الوقتية بمجلس الدولة.
546 ## - LANGUAGE NOTE
Language note النص باللغة العربية
650 14 - SUBJECT ADDED ENTRY--TOPICAL TERM
Topical term or geographic name entry element القضاء الإداري ووظائفه
Source of heading or term qrmak
650 14 - SUBJECT ADDED ENTRY--TOPICAL TERM
Topical term or geographic name entry element القانون الإداري
Source of heading or term qrmak
651 1# - SUBJECT ADDED ENTRY--GEOGRAPHIC NAME
Source of heading or term qrmak
856 40 - ELECTRONIC LOCATION AND ACCESS
Uniform Resource Identifier <a href="https://fll.law.cu.edu.eg/fulltext/bks/B07-03183.pdf">https://fll.law.cu.edu.eg/fulltext/bks/B07-03183.pdf</a>
905 ## - Cataloger and Reviser Names
Cataloger Name: Sara El-Gendy
942 ## - ADDED ENTRY ELEMENTS (KOHA)
Source of classification or shelving scheme Dewey Decimal Classification
Koha item type Books
Edition 21
Suppress in OPAC No
Holdings
Withdrawn status Lost status Source of classification or shelving scheme Materials specified (bound volume or other part) Damaged status Not for loan Collection Home library Current library Date acquired Total checkouts Full call number Barcode Date last seen Copy number Price effective from Koha item type
    Dewey Decimal Classification V2   Not for loan القانون الإداري جــــامعة القــاهرة مكتبة كلية الحقوق - المبنى الرئيسي 24.01.2026   Law1 07 3345.8 م ح . د 2000 0703183 V2, C1 B07-03183 24.01.2026 1 24.01.2026 Books
    Dewey Decimal Classification V2     القانون الإداري جــــامعة القــاهرة مكتبة كلية الحقوق - المبنى الرئيسي 27.01.2026   Law1 07 3345.8 م ح . د 2000 0703225 V2, C2 B07-03225 27.01.2026 2 27.01.2026 Books
    Dewey Decimal Classification V2     القانون الإداري جــــامعة القــاهرة مكتبة كلية الحقوق - فـرع الشيخ زايد 27.01.2026   Law2 07 3345.8 م ح . د 2000 0703228 V2, C3 B07-03228 27.01.2026 3 27.01.2026 Books

© All rights reserved — Faculty of Law, Cairo University